000
00243nam a22001097a 4500
082
_a
823
_b
AND/G
100
_a
ANDERSON, BOB
245
_a
GETTING IN SHAPE
246
_a
GETTING IN SHAPE
_b
GETTING IN SHAPE
260
_a
MUNBAI
_b
JAICO
942
_c
BK
999
_c
7735
_d
7735